01105nam a22002777a 45000010005000000030006000050050017000110080041000280200018000690400029000870500013001160820010001291000028001392450085001672600042002523000048002945050008003425200169003505210029005195210020005486500050005686500056006189420015006749990015006899520123007045520FISKH20241216124612.0241216b cb ||||| |||| 00| 0 eng d a9780531186008 aFISKHbengcFISKHdFISKH aQL756.57 a591.5 aFredericks, Anthony D.  aCannibal animals :banimals that eat their own kind /cby Anthony D. Fredericks aNew York :bFranklin Watts ;c1999 . a63 pages :bcolor illustrations ;c24 cm .  aS  aDescribes the reasons for and instances of cannibalistic behavior in a variety of animals, including guppies, black widow spiders, sharks, gerbils, and brown bears.8 a790 bLexile estimate 8 aS bRaz-Plus  aCannibalism in animals vJuvenile literature  aanimals- Habits and behavior vJuvenile literature  2ddccBKn0 c5520d5520 00102ddc40708NFICa001b001cSNSd2024-12-16l0oFRE 591.5 QL756.57pFIS02075r2024-12-16 12:46:09w2024-12-16yBK